Dortmunds Weg ins UCL Finale 2023/24 - Statistiken

Allgemein
  • Dieses Quiz wurde 164 mal gespielt
  • Das Durchschnittsergebnis liegt bei 6 aus 20
Antwortstatistiken
Hint Antwort % Korrekt
Finale Real Madrid
74%
1.Spieltag Paris St. Germain
60%
Halbfinale Paris St. Germain
53%
Viertelfinale Atletico Madrid
50%
Achtelfinale PSV Eindhoven
43%
2.Spieltag AC Mailand
40%
3.Spieltag Newcastle United
40%
6.Spieltag Paris St. Germain
38%
5.Spieltag AC Mailand
37%
4.Spieltag Newcastle United
37%
Ergebnis 0:0
23%
Ergebnis 1:1
22%
Ergebnis Niederlage 0:2
19%
Gesamtergebnis Sieg 2:0
18%
Gesamtergebnis Sieg 5:4
17%
Ergebnis Niederlage 2:0
16%
Gesamtergebnis Sieg 3:1
16%
Ergebnis Sieg 2:0
14%
Ergebnis Sieg 0:1
12%
Ergebnis Sieg 1:3
12%
Keine übereinstimmenden Quizze gefunden
Verteilung der Resultate
Anzahl Personen mit jedem Resultat
Perzentil nach korrekt beantworteten Fragen
Ihre Resultats-Entwicklung
Sie haben dieses Quiz noch nicht gespielt